LEADER 00893nam0-22003491i-450- 001 990000803320403321 005 20150410095002.0 035 $a000080332 035 $aFED01000080332 035 $a(Aleph)000080332FED01 035 $a000080332 100 $a20020821d1989----km-y0itay50------ba 101 0 $aita 102 $aIT 105 $ay---a---001yy 200 1 $aMetropoli$fGiovanni Persico 210 $aNapoli$cClean$dstampa 1989 215 $a177 p.$d21 cm 610 0 $aAree metropolitane 700 1$aPersico,$bGiovanni$039554 801 0$aIT$bUNINA$gRICA$2UNIMARC 901 $aBK 912 $a990000803320403321 952 $aURB.LE B 1638$b9952$fFARBC 952 $aURB.LE B 924$b2411$fFARBC 952 $a21 A 32 11$bnn$fDINPU 952 $a19.717$fDARST 959 $aFARBC 959 $aDINPU 959 $aDARST 996 $aMetropoli$9352572 997 $aUNINA LEADER 01963oam 2200577M 450 001 9910715811503321 005 20191123061944.2 035 $a(CKB)5470000002515974 035 $a(OCoLC)1064038591 035 $a(OCoLC)995470000002515974 035 $a(EXLCZ)995470000002515974 100 $a20070221d1862 ua 0 101 0 $aeng 135 $aurcn||||||||| 181 $ctxt$2rdacontent 182 $cc$2rdamedia 183 $acr$2rdacarrier 200 10$aObadiah B. Latham and Oliver S. Latham. (To accompany Bill H.R.C.C. No. 111.) July 15, 1862. -- Ordered to be printed 210 1$a[Washington, D.C.] :$c[U.S. Government Printing Office],$d1862. 215 $a1 online resource (4 pages) 225 1 $aHouse report / 37th Congress, 2nd session. House ;$vno. 147 225 1 $a[United States congressional serial set] ;$v[serial no. 1145] 300 $aBatch processed record: Metadata reviewed, not verified. Some fields updated by batch processes. 300 $aFDLP item number not assigned. 517 $aObadiah B. Latham and Oliver S. Latham. 606 $aBuilding 606 $aClaims 606 $aCost control 606 $aCustomhouses 606 $aDamages 606 $aGovernment contractors 606 $aJudgments 606 $aPublic contracts 608 $aLegislative materials.$2lcgft 615 0$aBuilding. 615 0$aClaims. 615 0$aCost control. 615 0$aCustomhouses. 615 0$aDamages. 615 0$aGovernment contractors. 615 0$aJudgments. 615 0$aPublic contracts. 701 $aFenton$b Reuben E$g(Reuben Eaton),$f1819-1885$pRepublican (NY)$01394588 801 0$bWYU 801 1$bWYU 801 2$bOCLCO 801 2$bOCLCQ 906 $aBOOK 912 $a9910715811503321 996 $aObadiah B. Latham and Oliver S. Latham. (To accompany Bill H.R.C.C. No. 111.) July 15, 1862. -- Ordered to be printed$93471118 997 $aUNINA